000 00459nam a2200181Ia 4500
001 8176
005 20260306160549.0
008 260306t2006||||xx |||||||||||||| ||spa||
041 _aESP
082 _a370.115098
_bB81
100 _aBrasil, Alexandre
_eAUT
245 0 _aEducaçao e justiça na América Latina:
_buma abordagem crista
260 _c2006
300 _a171 páginas :
_c20 cm.
650 _aGEN
654 _aCED
942 _cLIB
_dJUS
_fJUS
_2ddc
_n
999 _c8176
_d8176